Hysteria Album Def Leppard - Statistics

General Stats
  • This quiz has been taken 94 times
  • The average score is 9 of 12
Answer Stats
Song % Correct
10 Hysteria
98%
5 Pour Some Sugar on Me
91%
3 Animal
89%
6 Armageddon It
81%
2 Rocket
81%
4 Love Bites
77%
7 Gods of War
75%
1 Women
73%
9 Run Riot
63%
11 Excitable
59%
12 Love and Affection
56%
8 Don't Shoot Shotgun
55%
No matching quizzes found
Score Distribution
Percent of People with Each Score
Percentile by Number Answered
Your Score History
You have not taken this quiz